00932nam a2200277Ia 4500001000700000003000500007008004100012010001100053040000900064082001800073100002800091245009200119260005500211300001700266500009600283503001400379650004600393700004000439901001800479902000600497910000900503942000600512942000700518999001900525952011000544Z_6184CHAP220113s1971 xx 000 0 und d a169420 cCHAP aC 540.078 D39 aDawson, John W.9144071 aManual de laboratorio de química /cJohn W. Dawson; traductor Homero Vela Treviño aMéxico :bNueva Editorial Interamericana,c1971 aviii, 143 p. aTraducción de la obra en inglés: Laboratory manual for chemistry: a brief introduction aej.1: s/n aQuímicaxManuales de laboratorio993567 aVela Treviño, Homero, tr.9144072 aC 540.078 D39 aM a1971 c1 cc1 c169420d169420 00102ddc4051708CaZbZd2012-06-19oC 540.078 D39pz_4458r2022-01-18 00:00:00t1w2022-01-18yLIBRO